[Event "USCL Week 1"]
[Site "Internet Chess Club"]
[Date "2012.09.04"]
[Round "?"]
[White "Sammour-Hasbun, Jorge"]
[Black "Hess, Robert"]
[Result "1/2-1/2"]
[WhiteElo "2608"]
[BlackElo "2719"]
[PlyCount "35"]
[EventDate "2012.??.??"]

1. e4 e5 2. Nf3 Nc6 3. Bb5 Nf6 4. O-O Nxe4 5. Re1 Nd6 6. Nxe5 Be7 7. Bd3 Nxe5
8. Rxe5 O-O 9. Nc3 Bf6 10. Re3 g6 11. Nd5 Bg5 12. f4 Bf6 13. Nxf6+ Qxf6 14. Qf1
Nf5 15. Bxf5 Qxf5 16. d3 d6 17. Bd2 Bd7 18. Rae1 1/2-1/2

[Event "USCL Week 1"]
[Site "Internet Chess Club"]
[Date "2012.09.04"]
[Round "?"]
[White "Checa, Nicolas"]
[Black "King, Alex"]
[Result "0-1"]
[WhiteElo "2052"]
[BlackElo "2303"]
[PlyCount "52"]
[EventDate "2012.??.??"]

1. d4 Nf6 2. c4 e6 3. Nc3 Bb4 4. Qc2 O-O 5. a3 Bxc3+ 6. Qxc3 b6 7. f3 c5 8. e4
d5 9. e5 cxd4 10. Qxd4 Nc6 11. Qe3 Nd7 12. f4 dxc4 13. Bxc4 Ndxe5 14. Be2 Ng6
15. Nf3 Bb7 16. Bd2 Nce7 17. Qf2 Nd5 18. g3 Qf6 19. Rb1 Rac8 20. O-O Rc2 21. b4
Nc3 22. Bxc3 Qxc3 23. Nd4 Rxe2 24. Nxe2 Qc6 25. Qf3 Qxf3 26. Rxf3 Bxf3 0-1

[Event "USCL Week 1"]
[Site "Internet Chess Club"]
[Date "2012.09.04"]
[Round "?"]
[White "Zaikov, Oleg"]
[Black "Bodek, Michael"]
[Result "0-1"]
[WhiteElo "2374"]
[BlackElo "2409"]
[PlyCount "52"]
[EventDate "2012.??.??"]

1. d4 Nf6 2. c4 g6 3. Nc3 Bg7 4. e4 d6 5. h3 O-O 6. Be3 Na6 7. Bd3 e5 8. d5 Nc5
9. Bc2 a5 10. g4 c6 11. Nge2 cxd5 12. cxd5 Bd7 13. Qd2 b5 14. Ng3 Qb8 15. Bh6
b4 16. Nce2 Bxh6 17. Qxh6 b3 18. axb3 Nxb3 19. Bxb3 Qxb3 20. g5 Qb4+ 21. Nc3
Ne8 22. Ra2 Bb5 23. h4 Rc8 24. Kd2 Bc4 25. Rha1 Bxa2 26. Rxa2 Qb3 0-1

[Event "USCL Week 1"]
[Site "Internet Chess Club"]
[Date "2012.09.04"]
[Round "?"]
[White "Shen, Arthur"]
[Black "Chase, Christopher"]
[Result "1-0"]
[WhiteElo "2358"]
[BlackElo "2372"]
[PlyCount "67"]
[EventDate "2012.??.??"]

1. d4 g6 2. c4 Bg7 3. e4 d6 4. Nc3 e5 5. Nf3 Nc6 6. d5 Nd4 7. Nxd4 exd4 8. Nb5
c5 9. dxc6 bxc6 10. Nxd4 Ne7 11. Be2 Qa5+ 12. Bd2 Qe5 13. Bc3 Qxe4 14. O-O Bb7
15. Bf3 Qf4 16. Ne2 Qh6 17. Bxg7 Qxg7 18. Qxd6 Rd8 19. Qc7 Ba8 20. Rad1 Rxd1
21. Rxd1 f5 22. Nd4 Qf6 23. Nxc6 Bxc6 24. Bxc6+ Nxc6 25. Rd6 O-O 26. Rxf6 Rxf6
27. b4 Re6 28. Kf1 Ne5 29. Qb8+ Kf7 30. Qxa7+ Re7 31. Qd4 Ng4 32. f3 Ne3+ 33.
Kf2 Nc2 34. Qc3 1-0

[Event "USCL Week 1"]
[Site "Internet Chess Club"]
[Date "2012.09.04"]
[Round "?"]
[White "Chandran, Kapil"]
[Black "Hanks, Joel"]
[Result "1-0"]
[WhiteElo "2246"]
[BlackElo "1982"]
[PlyCount "95"]
[EventDate "2012.??.??"]

1. e4 d5 2. exd5 Qxd5 3. Nc3 Qa5 4. d4 Nf6 5. Bd2 c6 6. Nf3 Bg4 7. Bc4 e6 8.
Qe2 Bb4 9. O-O-O Nbd7 10. h3 Bxf3 11. Qxf3 Nb6 12. Bb3 Nbd5 13. Ne4 Nxe4 14.
Qxe4 Bxd2+ 15. Rxd2 O-O-O 16. Qe5 Qc7 17. Qxg7 Rdg8 18. Qh6 Rxg2 19. Bxd5 cxd5
20. Rd3 Rg6 21. Qh4 Kb8 22. Rc3 Qd6 23. a3 h6 24. Kb1 Rc8 25. Rxc8+ Kxc8 26.
Rd1 Qd8 27. Qf4 Qc7 28. Qf3 Qe7 29. Rd3 Qf6 30. Qe2 Kb8 31. Rb3 Rg8 32. Qd2 Rc8
33. f4 Rc4 34. Rd3 a6 35. Ka2 Ka7 36. c3 Qf5 37. Rg3 Rc7 38. Qe3 Rd7 39. Qe5
Qc2 40. Rg8 Qd3 41. Rc8 Qxh3 42. a4 a5 43. Qb8+ Kb6 44. Rc5 Qd3 45. Qc8 Qd1 46.
Qxd7 Ka6 47. Qb5+ Ka7 48. Qxa5+ 1-0

[Event "USCL Week 1"]
[Site "Internet Chess Club"]
[Date "2012.09.04"]
[Round "?"]
[White "Gorman, Dov"]
[Black "Defibaugh, Jared"]
[Result "1-0"]
[WhiteElo "2327"]
[BlackElo "2357"]
[PlyCount "97"]
[EventDate "2012.??.??"]

1. e4 e5 2. Nf3 Nc6 3. d4 exd4 4. Nxd4 Nf6 5. Nc3 Bb4 6. Nxc6 bxc6 7. Bd3 d5 8.
exd5 cxd5 9. O-O O-O 10. Bg5 c6 11. Ne2 Re8 12. Nd4 Qd6 13. c3 Bc5 14. Re1 Bd7
15. Qc2 Ng4 16. g3 Ne5 17. Kg2 h6 18. Bf4 Qf6 19. Rxe5 Rxe5 20. Bxe5 Qxe5 21.
Bf5 Bxf5 22. Nxf5 Re8 23. Rd1 Qf6 24. Qd3 Bb6 25. Qf3 Re4 26. Rd2 Qe6 27. h3
Qe5 28. Nd6 Re1 29. Qxf7+ Kh7 30. Qf5+ Qxf5 31. Nxf5 Kg6 32. g4 h5 33. Nh4+ Kf7
34. Nf3 Ra1 35. Ne5+ Kf6 36. Nxc6 hxg4 37. hxg4 Rxa2 38. Nb4 Ra1 39. Nxd5+ Ke5
40. Nxb6 axb6 41. Rd4 Ra7 42. f4+ Ke6 43. Rb4 Rb7 44. Kg3 Kd5 45. Kh4 Rf7 46.
Kg5 Rf6 47. f5 Rc6 48. Rd4+ Kc5 49. Rd7 1-0

[Event "USCL Week 1"]
[Site "Internet Chess Club"]
[Date "2012.09.04"]
[Round "?"]
[White "Lenderman, Alex"]
[Black "Milman, Lev"]
[Result "1-0"]
[WhiteElo "2703"]
[BlackElo "2479"]
[PlyCount "113"]
[EventDate "2012.??.??"]

1. c4 e5 2. Nc3 Nf6 3. Nf3 Nc6 4. a3 d5 5. cxd5 Nxd5 6. Qc2 Be6 7. e3 a6 8. b4
Nxc3 9. dxc3 f5 10. e4 Qf6 11. exf5 Bxf5 12. Bd3 Bxd3 13. Qxd3 Bd6 14. O-O h6
15. Be3 O-O-O 16. Qe4 Rhf8 17. Nd2 Qf5 18. Qxf5+ Rxf5 19. Ne4 Be7 20. a4 Rff8
21. Rfc1 Rd3 22. Rab1 Kd7 23. Rd1 Rxd1+ 24. Rxd1+ Ke6 25. Kf1 Rd8 26. Rc1 Kd5
27. f3 Kc4 28. Ke2 Kb3 29. a5 Rd7 30. h4 Rd5 31. Rh1 Nd8 32. Rh3 Ne6 33. Rg3 g5
34. hxg5 Bxg5 35. Bxg5 hxg5 36. Ke3 b6 37. axb6 cxb6 38. Rh3 a5 39. Rh6 Nf4 40.
Rxb6 a4 41. g3 a3 42. gxf4 exf4+ 43. Ke2 a2 44. Ra6 Kb2 45. c4 Rd8 46. c5 Rb8
47. b5 a1=Q 48. Rxa1 Kxa1 49. c6 Rc8 50. Kd3 Kb2 51. Kd4 Kb3 52. Kc5 Re8 53.
Nxg5 Re5+ 54. Kd6 Rxg5 55. c7 Rg6+ 56. Kd5 Rg5+ 57. Kd4 1-0

[Event "USCL Week 1"]
[Site "Internet Chess Club"]
[Date "2012.09.04"]
[Round "?"]
[White "Stripunsky, Alex"]
[Black "Ivanov, Alexander"]
[Result "1/2-1/2"]
[WhiteElo "2673"]
[BlackElo "2656"]
[PlyCount "125"]
[EventDate "2012.??.??"]

1. d4 Nf6 2. Nf3 e6 3. e3 b6 4. Bd3 Bb7 5. O-O Be7 6. Nbd2 c5 7. c3 d5 8. Ne5
O-O 9. f4 Ne4 10. Nxe4 dxe4 11. Bc4 Bd5 12. Qe2 f6 13. Ng4 Bxc4 14. Qxc4 Qd5
15. Qxd5 exd5 16. f5 Nc6 17. Bd2 b5 18. Be1 Bd6 19. Nf2 g6 20. Nh1 Rac8 21. g4
cxd4 22. cxd4 Ne7 23. Bg3 Bxg3 24. Nxg3 Rc2 25. Rac1 Rfc8 26. Rxc2 Rxc2 27. Rf2
Rxf2 28. Kxf2 gxf5 29. gxf5 Kf7 30. Ne2 b4 31. Nf4 a5 32. Ke2 Kg7 33. a3 bxa3
34. bxa3 Kh6 35. Ne6 Nxf5 36. a4 Ne7 37. Kf2 Kg6 38. Kg3 Kf5 39. Nd8 Nc8 40.
Nc6 Nb6 41. Nxa5 Nxa4 42. Nc6 Nc3 43. Nb4 Kg5 44. h4+ Kf5 45. Kh3 h5 46. Kg3
Ke6 47. Nc2 Ne2+ 48. Kh3 Nc1 49. Na3 Nd3 50. Nb5 Kd7 51. Nc3 Kc6 52. Ne2 Kd6
53. Kg2 Ke6 54. Kg3 Kf5 55. Nc3 Ke6 56. Ne2 Kf5 57. Nc3 Nb4 58. Kh3 Ke6 59. Kg3
Nc2 60. Kf2 Nb4 61. Kg3 Nd3 62. Ne2 Kf5 63. Nc3 1/2-1/2

[Event "USCL Week 1"]
[Site "Internet Chess Club"]
[Date "2012.09.04"]
[Round "?"]
[White "Goldberg, Ben"]
[Black "Wu, Christopher"]
[Result "1-0"]
[WhiteElo "2233"]
[BlackElo "2304"]
[PlyCount "89"]
[EventDate "2012.??.??"]

1. d4 Nf6 2. c4 e6 3. Nc3 Bb4 4. Qc2 O-O 5. a3 Bxc3+ 6. Qxc3 Qe8 7. f3 d6 8.
Bg5 Nbd7 9. e4 e5 10. d5 a5 11. b4 b6 12. Bd3 h6 13. Be3 Bb7 14. Ne2 axb4 15.
axb4 Rxa1+ 16. Qxa1 Qa8 17. Qb2 Qa7 18. Nc3 Ra8 19. Kd2 Ne8 20. Rb1 c6 21. c5
Ndf6 22. cxb6 Qb8 23. Qb3 cxd5 24. exd5 Qd8 25. Bb5 Nd7 26. Rc1 Nef6 27. Bc6
Qb8 28. Nb5 Ra6 29. Nxd6 Qxd6 30. Bxb7 Rxb6 31. Bxb6 Qxb6 32. Rc8+ Kh7 33. Qc2+
e4 34. Bc6 Qf2+ 35. Kc1 Qe1+ 36. Kb2 Qxb4+ 37. Ka2 Nb6 38. Rb8 Qa5+ 39. Kb3
Nbxd5 40. Rb5 Qa7 41. Bxd5 Nxd5 42. Qxe4+ g6 43. Qxd5 Qe3+ 44. Ka4 Qf4+ 45. Rb4
1-0

[Event "USCL Week 1"]
[Site "Internet Chess Club"]
[Date "2012.09.04"]
[Round "?"]
[White "Gulamali, Kazim"]
[Black "Yuan, Yuanling"]
[Result "1-0"]
[WhiteElo "2443"]
[BlackElo "2270"]
[PlyCount "145"]
[EventDate "2012.??.??"]

1. e4 c5 2. d4 cxd4 3. c3 dxc3 4. Nxc3 Nc6 5. Nf3 d6 6. Bc4 e6 7. O-O Be7 8.
Qe2 a6 9. Rd1 Qc7 10. Bf4 Nf6 11. Rac1 O-O 12. Bb3 Rd8 13. Nd5 exd5 14. exd5
Bg4 15. h3 Bh5 16. g4 Bg6 17. dxc6 bxc6 18. Nd4 c5 19. Ba4 Bf8 20. Nc6 Re8 21.
Qd2 Ne4 22. Qa5 Qb7 23. b4 Rac8 24. b5 axb5 25. Qxb5 Qa8 26. f3 Re6 27. Bb3 Rf6
28. Bd5 Kh8 29. Ne5 Qa7 30. Nxg6+ fxg6 31. Qb7 Qxb7 32. Bxb7 Rc7 33. Bxe4 Rxf4
34. Rb1 c4 35. Rb8 c3 36. a4 Ra7 37. Rxd6 g5 38. Rdd8 Raf7 39. Rbc8 g6 40. a5
Kg7 41. Rxf8 Rxf8 42. Rxc3 R4f7 43. a6 Ra7 44. Bb7 Kf6 45. Kg2 h5 46. Rc6+ Kg7
47. Kf2 Re8 48. Rb6 Rf8 49. Be4 Rf6 50. Rb7+ Rf7 51. Bd5 Rd7 52. Ke3 Kf6 53.
Rxd7 Rxd7 54. Bb7 hxg4 55. hxg4 Kg7 56. a7 Rxb7 57. a8=Q Re7+ 58. Kd4 Rf7 59.
Qd5 Rf4+ 60. Ke3 Kh6 61. Qd8 Rf7 62. Qh8+ Rh7 63. Qf8+ Rg7 64. Ke4 Kh7 65. Ke5
Ra7 66. Kf6 Ra6+ 67. Kxg5 Ra5+ 68. Kh4 Ra7 69. Qb8 Rf7 70. f4 Kg7 71. Kg5 Kh7
72. Qe8 Kg7 73. Qe6 1-0

[Event "USCL Week 1"]
[Site "Internet Chess Club"]
[Date "2012.09.04"]
[Round "?"]
[White "Zimmer, Ralph"]
[Black "Costigan, Richard"]
[Result "1-0"]
[WhiteElo "2304"]
[BlackElo "2288"]
[PlyCount "125"]
[EventDate "2012.??.??"]

1. c4 Nf6 2. Nc3 c6 3. e4 e5 4. Nf3 d6 5. d4 Nbd7 6. Be2 Be7 7. O-O O-O 8. Qc2
a6 9. Rd1 Qc7 10. Bg5 Re8 11. Rac1 Nf8 12. h3 h6 13. Be3 N6h7 14. Qd2 Ng6 15.
b4 Nh4 16. Nxh4 Bxh4 17. d5 a5 18. a3 axb4 19. axb4 Be7 20. c5 Rd8 21. cxd6
Qxd6 22. Bc5 Qf6 23. Qe3 Bf8 24. Bc4 Qh4 25. Rd3 b5 26. Bb3 Bb7 27. Rcd1 cxd5
28. Bxd5 Bxd5 29. Nxd5 Rdb8 30. Nb6 Ra6 31. Nd7 Re8 32. Rd5 Bxc5 33. Rxc5 Ng5
34. Re1 Rg6 35. Kh2 f6 36. Qg3 Qh5 37. Qg4 Qxg4 38. hxg4 Ne6 39. Rxb5 Rxg4 40.
f3 Rf4 41. Rd5 Ra8 42. b5 Ra2 43. Kg1 Rb2 44. b6 Ng5 45. Re3 f5 46. Rxe5 fxe4
47. Re8+ Kh7 48. Nf8+ Rxf8 49. Rxf8 exf3 50. gxf3 Rxb6 51. Kg2 Ne6 52. Re8 Nf4+
53. Kg3 Nh5+ 54. Kh4 Nf6 55. Rd8 Rb4+ 56. Kh3 Rb7 57. Ra3 Rf7 58. Raa8 Rb7 59.
f4 Rb3+ 60. Kg2 Rb4 61. f5 Rb2+ 62. Kf3 Rb3+ 63. Ke2 1-0

[Event "USCL Week 1"]
[Site "Internet Chess Club"]
[Date "2012.09.04"]
[Round "?"]
[White "Erenburg, Sergey"]
[Black "Enkhbat, Tegshsuren"]
[Result "1/2-1/2"]
[WhiteElo "2700"]
[BlackElo "2509"]
[PlyCount "163"]
[EventDate "2012.??.??"]

1. e4 c6 2. d4 d5 3. e5 Bf5 4. Nf3 e6 5. Be2 c5 6. O-O Nc6 7. c3 Bg6 8. a3 Nh6
9. b4 cxd4 10. cxd4 Be7 11. Bxh6 gxh6 12. Nbd2 O-O 13. Nb3 Rc8 14. Qd2 Kg7 15.
Nc5 Bxc5 16. dxc5 f6 17. Nd4 Nxd4 18. Qxd4 fxe5 19. Qxe5+ Qf6 20. f4 b6 21.
cxb6 axb6 22. Bg4 Rc2 23. Bxe6 Qxe5 24. fxe5 Be4 25. Bh3 Re8 26. Rf6 Rxe5 27.
Raf1 Re7 28. Rxb6 Ra2 29. Re1 Ra7 30. Rc1 R2xa3 31. b5 Rb3 32. g3 Rb2 33. Bf1
h5 34. Rd6 Rb7 35. Rdc6 Rf7 36. b6 Rf6 37. Rc7+ Kg6 38. b7 Rfb6 39. R1c6+ Rxc6
40. Rxc6+ Kf5 41. Ba6 d4 42. Rc7 d3 43. Rd7 d2 44. Rxd2 Rb6 45. Rd7 Ke6 46. Rg7
Rb2 47. Kf1 Kd6 48. Ke1 Ke6 49. Kd1 Kd6 50. Kc1 Rc2+ 51. Kd1 Rb2 52. Ke1 Ke6
53. Kd1 Kd6 54. h4 Ke6 55. Ke1 Kd6 56. Rg5 Bxb7 57. Bd3 Bf3 58. Bxh7 Bg4 59.
Bf5 Bf3 60. Bd3 Bg4 61. Kf1 Rb3 62. Bg6 Rxg3 63. Bxh5 Bh3+ 64. Kf2 Rxg5 65.
hxg5 Ke5 66. Kg3 Bf5 67. Bf7 Bd3 68. Kg4 Be2+ 69. Kh4 Bd1 70. Bh5 Bc2 71. Bg4
Bg6 72. Kg3 Kd6 73. Kf4 Ke7 74. Ke5 Kf7 75. Be6+ Kg7 76. Bf5 Bxf5 77. Kxf5 Kf7
78. g6+ Kg7 79. Kg5 Kg8 80. Kf6 Kf8 81. g7+ Kg8 82. Kg6 1/2-1/2

[Event "USCL Week 1"]
[Site "?"]
[Date "2012.09.05"]
[Round "?"]
[White "Kannappan, Priyadharshan"]
[Black "Perez, Robert"]
[Result "1-0"]
[WhiteElo "2457"]
[BlackElo "2504"]
[PlyCount "125"]
[EventDate "2012.??.??"]

1. e4 c5 2. Ne2 d6 3. g3 d5 4. Bg2 dxe4 5. Nbc3 Nf6 6. Nxe4 Nxe4 7. Bxe4 Nc6 8.
d3 g6 9. Be3 Bg7 10. c3 Qd6 11. Qb3 Bd7 12. O-O-O O-O 13. Qa3 b6 14. d4 Qe6 15.
Bxc6 Qxc6 16. dxc5 Bf5 17. g4 Bxg4 18. Rhe1 Rfc8 19. Qb4 Bxe2 20. Rxe2 bxc5 21.
Qc4 e6 22. Red2 Bf8 23. Qf4 Rc7 24. Qe5 Rac8 25. Bf4 h6 26. Qe3 Rb7 27. Bxh6
Bxh6 28. Qxh6 Qb6 29. h4 e5 30. h5 Qf6 31. hxg6 fxg6 32. Rd6 Qf4+ 33. Qxf4 exf4
34. Rxg6+ Kf7 35. Rg4 Ke6 36. Rxf4 Ke5 37. Rc4 Rf7 38. Rd2 Rcc7 39. b3 Rf3 40.
Kb2 Ke6 41. Ka3 Rcf7 42. Rxc5 Rxf2 43. Rc6+ Ke5 44. Rxf2 Rxf2 45. Rc7 Rc2 46.
c4 Kd4 47. Rxa7 Kc5 48. Ra5+ Kb6 49. Kb4 Rh2 50. a4 Rh4 51. Rg5 Rf4 52. Rg6+
Kb7 53. a5 Rf5 54. c5 Rf3 55. Kc4 Rf1 56. b4 Kc7 57. Rg7+ Kb8 58. Kb5 Rf6 59.
c6 Rf5+ 60. Kb6 Rf8 61. Rb7+ Ka8 62. Ra7+ Kb8 63. c7+ 1-0

[Event "USCL Week 1"]
[Site "?"]
[Date "2012.09.05"]
[Round "?"]
[White "Hendrickson, Nolan"]
[Black "Rosenthal, Nicholas"]
[Result "0-1"]
[WhiteElo "2202"]
[BlackElo "2146"]
[PlyCount "108"]
[EventDate "2012.??.??"]

1. e4 e6 2. d3 d5 3. Nd2 c5 4. g3 Nc6 5. Bg2 Nge7 6. Ngf3 g6 7. h4 Bg7 8. h5
O-O 9. O-O b5 10. Re1 a5 11. e5 a4 12. a3 Qc7 13. Qe2 Nf5 14. c3 b4 15. Nf1
bxc3 16. bxc3 f6 17. hxg6 hxg6 18. exf6 Bxf6 19. Bf4 Qg7 20. Be5 Nh6 21. Bxf6
Qxf6 22. Qe3 Ng4 23. Qxc5 Bd7 24. N1h2 Nxh2 25. Nxh2 Ra5 26. Qd6 Rf7 27. Ng4
Qg5 28. Ne5 Nxe5 29. Qxe5 Qd2 30. Qe2 Qxc3 31. Bh3 Qf6 32. Rab1 Ra6 33. Rec1
Kg7 34. Rb7 Be8 35. Rxf7+ Bxf7 36. Qc2 Qd4 37. Qc7 Rb6 38. Rc2 Rb1+ 39. Kh2 Qf6
40. Kg2 Rb3 41. Re2 Rc3 42. Qd7 Rxd3 43. Bg4 Kh6 44. Qxa4 Rd4 45. Qa8 Rxg4 46.
Re1 Rg5 47. Qf8+ Kh7 48. Rc1 Rf5 49. Rh1+ Rh5 50. Rc1 e5 51. Rc7 Rf5 52. f4
exf4 53. g4 f3+ 54. Kh3 f2 0-1

[Event "USCL Week 1"]
[Site "?"]
[Date "2012.09.05"]
[Round "?"]
[White "Rodriguez, Eric"]
[Black "Eckert, Doug"]
[Result "1-0"]
[WhiteElo "2383"]
[BlackElo "2229"]
[PlyCount "93"]
[EventDate "2012.??.??"]

1. e4 c5 2. Nf3 d6 3. d4 cxd4 4. Nxd4 Nf6 5. Nc3 e6 6. g4 h6 7. h3 Nc6 8. Bg2
Bd7 9. Nde2 a6 10. a4 Be7 11. O-O g5 12. Ng3 Qa5 13. Bd2 Qc7 14. a5 Ne5 15. b3
Rc8 16. Rc1 Ng6 17. Nce2 Bc6 18. c4 Nh4 19. Nc3 b6 20. Nd5 Qb7 21. Nxe7 Kxe7
22. f3 b5 23. Be3 Nd7 24. Bd4 e5 25. Be3 bxc4 26. bxc4 Qb4 27. Rf2 Ba4 28. Qf1
Nc5 29. Bd2 Qb7 30. Rb1 Qc7 31. Bb4 Rb8 32. Rfb2 Rb7 33. Kh2 Rhb8 34. Qe2 Bd7
35. Qd2 Bc8 36. Nf5+ Bxf5 37. gxf5 Qc6 38. Bh1 Rd7 39. Kg3 Rc8 40. Ba3 Qa4 41.
Qc3 f6 42. Rb6 Rc6 43. Rb8 Rd8 44. R8b4 Rdc8 45. Rxa4 Nxa4 46. Rb7+ Ke8 47. Qd2
1-0

[Event "USCL Week 1"]
[Site "?"]
[Date "2012.09.05"]
[Round "?"]
[White "Sevian, Samuel"]
[Black "Simpson, Ron"]
[Result "1-0"]
[WhiteElo "2396"]
[BlackElo "2288"]
[PlyCount "65"]
[EventDate "2012.??.??"]

1. e4 c5 2. Nf3 d6 3. d4 cxd4 4. Nxd4 Nf6 5. Nc3 g6 6. Be3 Bg7 7. f3 Nc6 8. Qd2
O-O 9. Bc4 Bd7 10. O-O-O Rb8 11. Bb3 Na5 12. h4 b5 13. Bh6 b4 14. Nd5 e6 15.
Bxg7 Kxg7 16. Nxf6 Qxf6 17. h5 g5 18. h6+ Kh8 19. Kb1 Rb6 20. Rh5 Rg8 21. Ne2
Bb5 22. Ng1 Nb7 23. Nh3 a5 24. Nxg5 a4 25. Qd4 e5 26. Qxb6 axb3 27. Qxb7 bxc2+
28. Kxc2 Be8 29. Qxb4 Rxg5 30. Rxg5 Qxg5 31. Qxd6 Qxg2+ 32. Kb1 Kg8 33. Qxe5
1-0

[Event "USCL Week 1"]
[Site "?"]
[Date "2012.09.05"]
[Round "?"]
[White "Mu, Joshua"]
[Black "Wheeler, Cameron"]
[Result "1-0"]
[WhiteElo "2242"]
[BlackElo "2200"]
[PlyCount "133"]
[EventDate "2012.??.??"]

1. e4 e6 2. d4 d5 3. Nc3 Nf6 4. e5 Nfd7 5. f4 c5 6. Nf3 Nc6 7. Bd3 a6 8. O-O
cxd4 9. Ne2 Qb6 10. a3 Nc5 11. b4 Nxd3 12. Qxd3 Bd7 13. Bb2 Rc8 14. Kh1 Be7 15.
Nexd4 Nxd4 16. Nxd4 Bb5 17. Nxb5 Qxb5 18. Qg3 g6 19. Qf2 h5 20. Bd4 h4 21. h3
Rh5 22. c3 Rf5 23. Qd2 Qc4 24. Rf3 Kd7 25. a4 Rg8 26. Be3 f6 27. Bd4 fxe5 28.
Bxe5 g5 29. Re1 Rg6 30. Rd3 Qc6 31. c4 Qxc4 32. Rc1 Qxb4 33. Qc2 Ke8 34. Qc8+
Kf7 35. Qh8 Rxe5 36. fxe5 Rg7 37. Qh5+ Kg8 38. Rc8+ Bf8 39. Rf3 Qe1+ 40. Kh2
Qxe5+ 41. Kg1 Qd4+ 42. Rf2 Qa1+ 43. Rf1 Qd4+ 44. Kh1 Qb4 45. Qe8 Kh7 46. Qxf8
Qxf8 47. Rcxf8 d4 48. R1f7 e5 49. Kg1 e4 50. Rxg7+ Kxg7 51. Re8 e3 52. Rd8 Kf6
53. Rxd4 Ke5 54. Rd7 b5 55. axb5 axb5 56. Kf1 Ke4 57. Ke2 Kf4 58. Rd4+ Kg3 59.
Rg4+ Kh2 60. Kxe3 b4 61. Rxb4 Kxg2 62. Rg4+ Kxh3 63. Kf3 Kh2 64. Rg2+ Kh1 65.
Rxg5 h3 66. Rh5 h2 67. Kg3 1-0

[Event "USCL Week 1"]
[Site "?"]
[Date "2012.09.05"]
[Round "?"]
[White "Bhat, Vinay"]
[Black "Schroer, Jonathan"]
[Result "0-1"]
[WhiteElo "2555"]
[BlackElo "2414"]
[PlyCount "84"]
[EventDate "2012.??.??"]

1. d4 Nf6 2. c4 e6 3. Nc3 d5 4. cxd5 exd5 5. Bg5 Be7 6. e3 c6 7. Qc2 Nbd7 8.
Bd3 O-O 9. Nge2 Re8 10. O-O Nf8 11. f3 Ng6 12. e4 dxe4 13. fxe4 Ng4 14. Bxe7
Qxe7 15. Rf3 Be6 16. h3 Nf6 17. Raf1 c5 18. Bb5 Rf8 19. d5 Bc8 20. Ng3 a6 21.
Be2 Nd7 22. Nf5 Qd8 23. d6 Nde5 24. Rg3 Be6 25. Qd2 f6 26. Nd5 Rf7 27. h4 Kh8
28. h5 Bxf5 29. exf5 Nf8 30. Nf4 Rd7 31. Rd1 Nf7 32. Ng6+ Nxg6 33. fxg6 Rxd6
34. Qc1 Rxd1+ 35. Bxd1 Qd4+ 36. Kh2 Ne5 37. gxh7 Rd8 38. Be2 Qd2 39. Qf1 Rd4
40. Bf3 Qf4 41. Qe2 Rd2 42. Qe4 Ng4+ 0-1

[Event "USCL Week 1"]
[Site "?"]
[Date "2012.09.05"]
[Round "?"]
[White "Korley, Kassa"]
[Black "Kraai, Jesse"]
[Result "0-1"]
[WhiteElo "2353"]
[BlackElo "2567"]
[PlyCount "124"]
[EventDate "2012.??.??"]

1. Nf3 b6 2. c4 Bb7 3. Nc3 Nf6 4. d4 e6 5. g3 Bxf3 6. exf3 Bb4 7. Bg2 O-O 8. f4
Nc6 9. d5 exd5 10. cxd5 Re8+ 11. Be3 Na5 12. O-O c6 13. Bd4 Rc8 14. a3 Bxc3 15.
Bxc3 Nc4 16. Qd4 cxd5 17. Bxd5 Nd6 18. Qd3 Nde4 19. Bxf6 Nxf6 20. Rad1 Rc7 21.
Bf3 d5 22. Rd2 Re6 23. Rfd1 Rd7 24. Qd4 h6 25. Kg2 Qe7 26. Rc2 Re1 27. Rxe1
Qxe1 28. Re2 Qc1 29. Rd2 Qc5 30. Qd3 Qd6 31. Rc2 Rd8 32. Qd4 Rd7 33. h4 Rc7 34.
Rd2 Qc5 35. Qd3 a5 36. h5 b5 37. Qf5 b4 38. axb4 Qxb4 39. Re2 d4 40. Qd3 Qc4
41. Rd2 Qxd3 42. Rxd3 Rc4 43. Ra3 a4 44. Bd1 Rc1 45. Bxa4 Nxh5 46. Rd3 Rc4 47.
b3 Rb4 48. Kf3 Nf6 49. f5 Nd5 50. Bc6 Nc3 51. Ba4 Kf8 52. Kf4 Ke7 53. Ke5 f6+
54. Kf4 Kd6 55. Be8 Ne2+ 56. Ke4 Rb7 57. Kf3 Re7 58. Bg6 Kc5 59. Rd2 Nc3 60.
Bh7 Ne4 61. Rd3 Ng5+ 62. Kg4 Nxh7 0-1

[Event "USCL Week 1"]
[Site "?"]
[Date "2012.09.05"]
[Round "?"]
[White "Mateer, Amanda"]
[Black "Korba, Nicky"]
[Result "1/2-1/2"]
[WhiteElo "2144"]
[BlackElo "2007"]
[PlyCount "64"]
[EventDate "2012.??.??"]

1. d4 g6 2. c4 Bg7 3. e4 c5 4. d5 e5 5. Nc3 d6 6. g3 Nd7 7. Bg2 Ne7 8. Nge2 O-O
9. O-O f5 10. Bg5 h6 11. Bxe7 Qxe7 12. Qd2 f4 13. f3 g5 14. g4 h5 15. h3 Rf7
16. Nc1 Bf8 17. Nd3 Nf6 18. Qe2 Rh7 19. Kf2 Rh6 20. Rh1 Bd7 21. Rag1 Kf7 22.
Ke1 Bg7 23. Bf1 Rah8 24. Qg2 R8h7 25. Be2 Qf8 26. Nf2 Qh8 27. a3 hxg4 28. hxg4
Rh2 29. Qf1 Bf8 30. Rxh2 Rxh2 31. Rh1 Rxh1 32. Qxh1 Qxh1+ 1/2-1/2

[Event "USCL Week 1"]
[Site "?"]
[Date "2012.09.05"]
[Round "?"]
[White "Chirila, Cristian"]
[Black "Cozianu, Costin"]
[Result "1-0"]
[WhiteElo "2575"]
[BlackElo "2508"]
[PlyCount "101"]
[EventDate "2012.??.??"]

1. d4 Nf6 2. c4 c6 3. e3 g6 4. Nf3 Bg7 5. Be2 O-O 6. O-O d6 7. Nc3 Nbd7 8. b4
a6 9. a4 Re8 10. Ba3 e5 11. b5 exd4 12. exd4 axb5 13. axb5 c5 14. Re1 b6 15.
Bb2 Bb7 16. Rxa8 Bxa8 17. d5 Bb7 18. h3 h6 19. Qd2 Nf8 20. Bd3 Rxe1+ 21. Nxe1
Bc8 22. Nc2 Ne8 23. Ne3 h5 24. Ne2 Be5 25. f4 Bxb2 26. Qxb2 Qe7 27. Nf1 Ng7 28.
Neg3 Nh7 29. Qa1 Nf6 30. Qa8 Qb7 31. Qxb7 Bxb7 32. Nd2 Bc8 33. Nge4 Nxe4 34.
Nxe4 Ne8 35. Nc3 Nc7 36. Na4 Na8 37. Kf2 Kg7 38. Kf3 Kf6 39. g4 hxg4+ 40. hxg4
Kg7 41. f5 gxf5 42. Bxf5 Bxf5 43. gxf5 f6 44. Kg4 Kg8 45. Kh5 Kh7 46. Nc3 Nc7
47. Ne2 Ne8 48. Nf4 Ng7+ 49. Kg4 Kg8 50. Ne6 Kf7 51. Nc7 1-0

[Event "USCL Week 1"]
[Site "?"]
[Date "2012.09.05"]
[Round "?"]
[White "Lessler, Peter"]
[Black "Chiang, Jonathan"]
[Result "0-1"]
[WhiteElo "2177"]
[BlackElo "2234"]
[PlyCount "136"]
[EventDate "2012.??.??"]

1. d4 Nf6 2. c4 c5 3. d5 b5 4. cxb5 a6 5. f3 axb5 6. e4 d6 7. Bxb5+ Bd7 8. Bc4
g6 9. Ne2 Bg7 10. O-O O-O 11. Nbc3 Bc8 12. Qc2 Ba6 13. b3 Nbd7 14. Bb2 Qb6 15.
Nd1 Rfb8 16. Ne3 Bxc4 17. Nxc4 Qa6 18. Kh1 Nb6 19. Nxb6 Rxb6 20. Rfc1 Rab8 21.
Ng3 Bh6 22. Rd1 Nd7 23. Nf1 c4 24. Bd4 Rb4 25. Qe2 Qb5 26. Ne3 cxb3 27. Qxb5
R8xb5 28. Ng4 Bg7 29. Bxg7 Kxg7 30. axb3 h5 31. Ne3 Rxb3 32. Nc2 Rb2 33. Nd4
Rb7 34. Kg1 Nc5 35. Ra3 Kf6 36. Kf1 h4 37. h3 Nb3 38. Nxb3 R2xb3 39. Rxb3 Rxb3
40. Rd2 Ke5 41. Kf2 Kf4 42. Ra2 f6 43. Rc2 g5 44. Ra2 Rc3 45. Rb2 Ra3 46. Rc2
Rd3 47. Ra2 Rd4 48. Re2 Rb4 49. Ra2 Rb5 50. Rd2 Ra5 51. Rb2 f5 52. Re2 g4 53.
hxg4 fxg4 54. fxg4 Kxg4 55. Rb2 Ra4 56. Ke3 Kg3 57. Rc2 Ra1 58. Rc7 Kxg2 59.
Rxe7 Ra3+ 60. Kf4 Rf3+ 61. Kg4 h3 62. Rh7 Rg3+ 63. Kf4 h2 64. e5 dxe5+ 65. Kxe5
Rh3 66. Rg7+ Kf2 67. Rf7+ Ke2 68. Ra7 h1=Q 0-1

[Event "USCL Week 1"]
[Site "?"]
[Date "2012.09.05"]
[Round "?"]
[White "Kavutskiy, Konstantin"]
[Black "Ginsburg, Mark"]
[Result "0-1"]
[WhiteElo "2371"]
[BlackElo "2400"]
[PlyCount "98"]
[EventDate "2012.??.??"]

1. d4 Nf6 2. Nf3 e6 3. c4 b6 4. g3 Bb7 5. Bg2 Be7 6. O-O O-O 7. Nc3 Ne4 8. Bd2
Nxd2 9. Qxd2 d6 10. e3 Nd7 11. Ne1 Qc8 12. Bxb7 Qxb7 13. Nd3 c5 14. d5 Bf6 15.
Nf4 Bxc3 16. Qxc3 e5 17. Nd3 e4 18. Nf4 Nf6 19. b4 cxb4 20. Qxb4 Qd7 21. Kg2
Rac8 22. Rac1 Rc5 23. Ne2 Rfc8 24. h3 h5 25. Rc3 b5 26. Rfc1 a5 27. Qb2 bxc4
28. Nf4 Qf5 29. h4 Nxd5 30. Nxd5 Qxd5 31. Qe2 Qe6 32. Rb1 Qf6 33. Qd2 Rf5 34.
Rb7 d5 35. Rc2 c3 36. Qd4 Qxd4 37. exd4 Rf3 38. Rb5 Rd3 39. Kf1 Rxd4 40. Rxa5
Rd3 41. Ke2 g6 42. Ra7 d4 43. Re7 f5 44. Rd7 Rc4 45. Ra7 Rf3 46. Rc1 d3+ 47.
Kf1 e3 48. Rb1 Rxf2+ 49. Kg1 Rb2 0-1